Ülkücülükten tepkisel milliyetçiliğe (Record no. 899)

MARC details
000 -BAŞLIK
Sabit Uzunlukta Kontrol Alanı 00938na a2200289 4500
001 - KONTROL NUMARASI
Denetim Alanı 15416
003 - KONTROL NUMARASI IDENTIFIER
Denetim Alanı MIRAKIL
005 - SON İŞLEM TARİHİ VE ZAMANI
Denetim Alanı 20181213154805.0
008 - SABİT-BOY VERİ ELEMANLARI - GENEL BİLGİLER
Sabit Uzunlukta Kontrol Alanı 161019b tu 000 0
020 ## - ULUSLARARASI STANDART KİTAP NUMARASI
Uluslararası Standart Kitap Numarası 9786054023356
035 ## - SİSTEM KONTROL NUMARASI
Sistem Kontrol Numarası 14074
040 ## - KATALOGLAMA KAYNAK
Orijinal Kataloglama Ajansı Milas
Kataloglama Dili tur
Metne Dönüştürmek Ajansı TR-AnCHP
041 ## - DİL KODU
Metin / Ses Parça Veya Ayrı Başlığın Dil Kodu tur
082 ## - DEWEY ONLU SINIFLANDIRMA NUMARASI
Sınıflandırma Numarası 324.21083
Ürün Numarası E73ü 2014
090 ## - SINIFLAMA NUMARASI
Sınıflama Numarası 324.2183 E73ü 2014
100 ## - ANA GİRİŞ - KİŞİSEL İSİM
Kişisel Ad Ete, Hatem
245 ## - BAŞLIK TABLOSU
Başlık Ülkücülükten tepkisel milliyetçiliğe
Başlığın Kalan MHP'nin ideolojisi ve seçmen eğilimleri
Sorumluluk Tablosu, Vb Hatem Ete, Hamza Taşdelen, Sami Orçun Ersay
246 ## - UNVAN FORM VARYING
Başlık Doğru / Kısa Başlığı MHP'nin ideolojisi ve seçmen eğilimleri
260 ## - YAYIN, DAĞITIM, VB
Yayın, Dağıtım, Vb Yeri İstanbul
Yayıncı, Dağıtıcı, Vs Adı Siyaset, Ekonomi ve Toplum Araştırmaları Vakfı (SETA)
Yayın, Dağıtım, Vb Tarihi 2014
300 ## - FİZİKSEL TANIM
Kapsam 119 s.
Diğer Fiziksel Ayrıntıları tbl.
Boyutlar 27 sm.
610 ## - KONU KATMA GİRİŞ - TOPLANTI ADI
Giriş Elemanı Olarak Kurumsal Ad Veya Yargı Alanı Adı MHP
Genel Alt Bölüm Seçmenler
610 ## - KONU KATMA GİRİŞ - TOPLANTI ADI
Giriş Elemanı Olarak Kurumsal Ad Veya Yargı Alanı Adı Milliyetçi Hareket Partisi (MHP)
Genel Alt Bölüm İdeoloji
650 ## - KONU KATMA GİRİŞ - TOPİKAL DÖNEM
Topikal Süreli Veya Coğrafi Ad Giriş Elemanı MHP
Genel Alt Bölümü İdeolojiler
700 ## - KATMA GİRİŞ - KİŞİSEL İSİM
Kişisel Ad Ersay, Sami Orçun
700 ## - KATMA GİRİŞ - KİŞİSEL İSİM
Kişisel Ad Taşdelen, Hamza
942 ## - EKLENDİ GİRİŞ ELEMANLARI (KOHA)
Sınıflandırma Veya Raf Düzeni Kaynak
Koha Öğesi Türü Books
999 ## - SİSTEM KONTROL NUMARALARI (KOHA)
Koha Biblionumber 899
Koha Biblioitemnumber 899
Holdings
Kalıcı Konum Mevcut Konum Edinme Tarihi Edinim Kaynak Toplam Check-Out'Lar Tam Çağrı Numarası Barkod Tarih Son Görülme İtibaren Geçerli Fiyatlar Koha Öğesi Türü
CHP Kütüphanesi CHP Kütüphanesi 09/09/2016 Bağış   324.2183 E73ü 2014 003409 09/09/2016 09/09/2016 Books